Statistiques concernant Australie + Nouvelle-Zélande = 15

Cliquez ici pour prendre le quiz!

Statistiques générales

  • Ce quiz a été pris 62 fois
    (30 depuis la dernière actualisation)
  • Le résultat moyen est 9 sur 16

Statistiques - réponses

Answer % Correct
Iran
73%
Irlande
73%
Islande
73%
Nauru
70%
Tuvalu
67%
Inde
63%
Vanuatu
63%
Venezuela
63%
Laos
60%
Tanzanie
60%
Suède
50%
Israël
47%
Estonie
43%
Salvador
40%
Soudan
37%
Slovénie
30%

Distribution des résultats

Percentile par nombre de réponses

% des personnes avec chaque résultat

Votre développement - résultats

Vous n’avez pas pris ce quiz depuis la dernière actualisation